000 00884nam a2200277 i 4500
003 DO-SdBNP
005 20250716095402.0
007 ta
008 250516b2024 dr a|||| |||| 00| 0 spa d
020 _a9789945223828
040 _aDO-SdBNP
_bspa
_cBNPHU
_erda
041 _aspa
082 4 _axxx
_bD713u
_222
100 _aDomínguez, Mary,
_eautor
_4aut.
_981583
245 1 0 _aUna historia de esperanza :
_btriunfando sobre el cáncer /
_cMary Domínguez
250 _aPrimera edición
264 4 _aSanto Domingo :
_bEditora Búho,
_c©2024.
300 _a169 páginas :
_bilustraciones ;
_c21 cm.
336 _atexto
_btxt
_2rdacontent
337 _asin mediación
_bn
_2rdamedia
338 _avolumen
_bn
_2rdacarrier
500 _aIncluye referencias bibliográficas y notas al pie de las páginas
590 _aInventariado, 2025/BT
910 _aBtavárez
942 _2ddc
_cLBS1
999 _c58498
_d58498